000 00486nam a2200181Ia 4500
005 20250508161752.0
008 008 250505s9999 xx 000 0 eng d
037 _aTextual
040 _aFEDL
_beng
_cFEDL
041 _aeng
_2eng
084 _aF, DOY
_qFEDL
100 _aDoyle Arthur Conan
245 0 _aFirst book of Sherlock Holmes: Stories
260 _aLondon, UK
_bJohn Murray
_c1953
300 _avii,112p
942 _cTEXL
_hF, DOY
999 _c1372071
_d1372071